000 00815nam a2200253 a 4500
001 000004623
005 20200929151455.0
008 090724s2007 sp 000 0 spa d
020 _a9788479623869
040 _aDO-SdBNP
_bspa
_cBNPHU
082 _a895.7
_bC545p
100 1 _aChoi, In-Hun,
_d1936-
_913479
245 1 3 _aLa Plaza :
_bChoi In-Hun ; traducción Lim Hyo-Sang ; prefacio Gregorio Salvador.
260 _aMadrid :
_bVerbum,
_c2007.
300 _a142 p. ;
_c20 cm.
490 1 _vLiteratura coreana
504 _aIncluye notas al pie de las páginas.
650 4 _aNovela coreana
_913480
650 4 _aLiteratura coreana
_96345
700 1 _aHyo-Sang, Lim,
_etr.
_913481
700 1 _aSalvador, Gregorio,
_913482
830 0 _aLiteratura coreana
_913483
910 _aValidado. Control de calidad BNPHU
999 _c4431
_d4431